Either/Or in 30: US State Capitals Quiz Stats

 Plays Quiz Updated Apr 17, 2019

Score 0/15 Timer 00:30
16 Plays Today
Question Answer Wrong Answers
Texas Austin
80.9%
Fort Worth
2.8%
Oklahoma Oklahoma City
80.7%
Norman
2.8%
Florida Tallahassee
80%
St. Petersburg
3.7%
Virginia Richmond
78.6%
Norfolk
4.9%
Alaska Juneau
77.9%
Fairbanks
5.9%
Maine Augusta
76.8%
Bangor
6.8%
Louisiana Baton Rouge
75.5%
New Orleans
7.9%
Vermont Montpelier
75%
Burlington
8.6%
North Dakota Bismarck
74.5%
Fargo
9.5%
Oregon Salem
71.4%
Eugene
12%
Kansas Topeka
70.9%
Wichita
12.7%
Tennessee Nashville
70.2%
Knoxville
13.6%
Kentucky Frankfort
69%
Lexington
14.7%
Minnesota St. Paul
68.1%
Minneapolis
16%
New Mexico Santa Fe
66.5%
Albuquerque
17.6%

You're not logged in!

Compare scores with friends on all Sporcle quizzes.
OR
Log In

Sporcle TV

Today on Sporcle TV


Watch our educational content, quiz creation guides, and fun videos on Sporcle TV.

Show Comments

Extras

Top Quizzes Today


Score Distribution

Your Account Isn't Verified!

In order to create a playlist on Sporcle, you need to verify the email address you used during registration. Go to your Sporcle Settings to finish the process.

Report this User

Report this user for behavior that violates our Community Guidelines.

Details: